000 00475nam a2200181Ia 4500
001 9704
005 20260306161738.0
008 260306t2014||||xx |||||||||||||| ||spa||
041 _aESP
082 _a398.41
_bB81
100 _aBrachetti Tschohl, Ángela
_eAUT
245 0 _aPachamama, los apus y los:
_bun ciclo anual festivo de los Andes del Perú
260 _c2014
300 _a358 páginas :
_c30 cm.
650 _aGEN
654 _aCHU
942 _cLIB
_dJUS
_fJUS
_2ddc
_n
999 _c9704
_d9704